01333nam a2200349 i 450000100060000000300080000600500170001400600190003100700150005000800410006502000180010603500220012404000310014605000190017708000100019608200120020624501030021826400460032130000570036733600290042433700330045333800430048650400290052958800830055859001620064165000230080365500270082670000320085379700180088585600630090399900170096693435FINmELB20241217172211.0m o u cr cn|||||||||240422s2012 ag a ob 000 0 spa d z9789871706136 a(OCoLC)1431001248 aFINmELBbspaerdacFINmELB14aN85bD449 2012 a7(07)04a70722300aDesde el arte :bactividades para aprender creando /cdirección editorial Lic. Betina Cositorto. 1aBuenos Aires :bEditorial Nazhira,c2012. a1 recurso en línea (39 páginas) :bilustraciones atextobtxt2rdamedia/spa acomputadorabc2rdamedia/spa arecurso en líneabcr2rdacarrier/spa aContiene bibliografía. aDescripción basada en metadatos suministrados por el editor y otras fuentes. aRecurso electrónico. Santa Fe, Arg.: elibro, 2024. Disponible vía World Wide Web. El acceso puede estar limitado para las bibliotecas afiliadas a elibro. 4aArtexEnseñanza. 4aLibros electrónicos.1 aCositorto, Betina,eeditor.2 aelibro, Corp.40uhttps://elibro.net/ereader/politecnicointernacional/224430 c93435d93435